Animal Crossing - les Villageois Hamsters [avec image] - Statistiques

Statistiques générales
  • Ce quiz a été pris 12 fois
  • Le résultat moyen est 5 sur 10
Statistiques - réponses
Par images Réponse % Correct
Emma
80%
Chico
60%
Graham
60%
Stella
60%
Charles
40%
Esther
40%
Guido
40%
Marlou
40%
Jojo
30%
Glutin
20%
Aucun quiz correspondant
Distribution des résultats
% des personnes avec chaque résultat
Percentile par nombre de réponses
Votre historique - résultats
Vous n’avez pas pris ce quiz